Online katalóg knižníc regiónu Turca

Príbeh jedného života ; Miláčik ; Mont-Oriol (Record no. 22710)

MARC details
000 -LEADER
fixed length control field 01709cam a2200469 a 4500
001 - CONTROL NUMBER
control field 22710
003 - CONTROL NUMBER IDENTIFIER
control field SK-KTurca
005 - DATE AND TIME OF LATEST TRANSACTION
control field 20260421144958.0
008 - FIXED-LENGTH DATA ELEMENTS--GENERAL INFORMATION
fixed length control field 240226s1986 xo gr 000 j slo
015 ## - NATIONAL BIBLIOGRAPHY NUMBER
National bibliography number SNBA1987/01
020 ## - INTERNATIONAL STANDARD BOOK NUMBER
Qualifying information (viazané)
035 ## - SYSTEM CONTROL NUMBER
System control number SNK000025968
040 ## - CATALOGING SOURCE
Original cataloging agency SNK
Language of cataloging slo
Transcribing agency SNK
Description conventions AACR2
041 1# - LANGUAGE CODE
Language code of text/sound track or separate title slo
Language code of original fre
044 ## - COUNTRY OF PUBLISHING/PRODUCING ENTITY CODE
MARC country code xo
ISO country code SK
072 #7 - SUBJECT CATEGORY CODE
Subject category code 821.133.1-3
Subject category code subdivision Francúzska próza, francúzsky písaná
Source konspekt
080 ## - UNIVERSAL DECIMAL CLASSIFICATION NUMBER
Universal Decimal Classification number 821.133.1-3
Edition identifier 2011
080 ## - UNIVERSAL DECIMAL CLASSIFICATION NUMBER
Universal Decimal Classification number 316.3(0:82-31) - formálny znak
Edition identifier 2011
100 1# - MAIN ENTRY--PERSONAL NAME
Personal name Maupassant, Guy de,
Dates associated with a name 1850-1893
Relationship aut
245 10 - TITLE STATEMENT
Title Príbeh jedného života ; Miláčik ; Mont-Oriol
Statement of responsibility, etc. Guy de Maupassant ; preložili Miroslava Bártová, Štefan Horváth, Eva Piecková
250 ## - EDITION STATEMENT
Edition statement 1. vyd.
260 ## - PUBLICATION, DISTRIBUTION, ETC.
Place of publication, distribution, etc. Bratislava
Name of publisher, distributor, etc. Tatran
Date of publication, distribution, etc. 1986
Place of manufacture Martin
Manufacturer Tlačiarne SNP
300 ## - PHYSICAL DESCRIPTION
Extent 664 s.
Dimensions 21 cm
366 ## - TRADE AVAILABILITY INFORMATION
Note 18500 výtl.
490 1# - SERIES STATEMENT
Series statement Zlatý fond svetovej literatúry. Guy de Maupassant I.
Volume/sequential designation Zv. 78
500 ## - GENERAL NOTE
General note Obsahuje 3 diela
500 ## - GENERAL NOTE
General note Preložené z francúzštiny
655 #7 - INDEX TERM--GENRE/FORM
Genre/form data or focus term francúzske prózy
Source of term SNKPH
655 #7 - INDEX TERM--GENRE/FORM
Genre/form data or focus term spoločenské romány
Source of term SNKPH
655 #7 - INDEX TERM--GENRE/FORM
Genre/form data or focus term French prose
Source of term SNKPHeng
655 #7 - INDEX TERM--GENRE/FORM
Genre/form data or focus term Society novels
Source of term SNKPHeng
700 1# - ADDED ENTRY--PERSONAL NAME
Personal name Bártová, Miroslava,
Dates associated with a name 1917-2002
Relationship trl
700 1# - ADDED ENTRY--PERSONAL NAME
Personal name Horváth, Štefan,
Dates associated with a name 1920-1986
Relationship trl
700 1# - ADDED ENTRY--PERSONAL NAME
Personal name Piecková, Eva
Relationship trl
700 12 - ADDED ENTRY--PERSONAL NAME
Personal name Maupassant, Guy de,
Dates associated with a name 1850-1893
Title of a work Oeuvres complétes
Language of a work Slovensky
700 12 - ADDED ENTRY--PERSONAL NAME
Personal name Maupassant, Guy de,
Dates associated with a name 1850-1893
Title of a work Une vie, Bel - Ami
Language of a work Slovensky
700 12 - ADDED ENTRY--PERSONAL NAME
Personal name Maupassant, Guy de,
Dates associated with a name 1850-1893
Title of a work Mont-Oriol
Language of a work Slovensky
740 02 - ADDED ENTRY--UNCONTROLLED RELATED/ANALYTICAL TITLE
Uncontrolled related/analytical title Miláčik
740 02 - ADDED ENTRY--UNCONTROLLED RELATED/ANALYTICAL TITLE
Uncontrolled related/analytical title Mont-Oriol
830 #0 - SERIES ADDED ENTRY--UNIFORM TITLE
Uniform title Zlatý fond svetovej literatúry
Name of part/section of a work Guy de Maupassant I.
942 ## - ADDED ENTRY ELEMENTS (KOHA)
Source of classification or shelving scheme Dewey Decimal Classification
Koha item type Krásna literatúra pre dospelých
Suppress in OPAC No
Holdings
Stav vyradenia Strata Poškodenie Spôsob nadobudnutia Domovská knižnica Aktuálna knižnica Dátum nadobudnutia Total checkouts Čiarový kód exemplára Date last seen Typ exemplára
      Dar Obecná knižnica Horná Štubňa Obecná knižnica Horná Štubňa 21.04.2026   4736202233 21.04.2026 Krásna literatúra pre dospelých
Projekt je podporený Slovenskou asociáciou knižníc
Prevádzkuje Turčianska knižnica Martin 2026